Tolley's Property taxation 2012-13

Bibliographic Details
Other Authors: Cannon Patrick
Format: Book
Language:English
Published: Edinburgh, UK : LexisNexis , 2012
Subjects:

MARC

LEADER 00000cam a2200000 7i4500
001 0000026350
005 20150818.0
008 18082015 -uk# eng
020 |a 9780754543541 ,   |c RM820.00 
040 |a INS 
090 0 0 |a KD5534   |b T65 2012 
245 1 0 |a Tolley's Property taxation 2012-13   |c editor Patrick Cannon 
260 |a Edinburgh, UK :   |b LexisNexis ,   |c 2012 
300 |a xxiv,1037p. ;   |c 22cm. 
500 |a Includes index 
650 0 |a Property tax   |x Law and legislation   |z Great Britain 
700 1 |a Cannon Patrick 
999 |a 1000002371   |b BOOK   |c Open Shelf   |e Default branch